| 000 | 00000nas 2200000za 4500 |
| 001 | 9.807186 |
| 003 | CaOODSP |
| 005 | 20221107140100 |
| 007 | cr ||||||||||| |
| 008 | 151207d20152019oncqr p o f0 a0eng|d |
| 040 | |aCaOODSP|beng |
| 043 | |an-cn-nf |
| 086 | 1 |aNH12-213E-PDF |
| 245 | 00|aHousing now tables. |pSt. John's CMA |h[electronic resource]. |
| 260 | |a[Ottawa] : |bCanada Mortgage and Housing Corporation, |c2015-2019. |
| 310 | |aQuarterly |
| 362 | 0 |aOct. 2015-first quarter 2019. |
| 500 | |aIssued also in French under title: Actualités habitation - tableaux. RMR de St. John's. |
| 690 | 07|aDemography|2gcpds |
| 690 | 07|aHousing|2gcpds |
| 690 | 07|aMortgage loans|2gcpds |
| 690 | 07|aPrices|2gcpds |
| 710 | 2 |aCanada Mortgage and Housing Corporation. |
| 775 | 08|tActualités habitation - tableaux. |w(CaOODSP)9.807189 |
| 780 | 00|tHousing now. |w(CaOODSP)9.504857 |